000 00690nam a2200241 i 4500
001 C2-0286815
003 PPAK
005 20180728020211.0
008 080129s1994 nyua|||| ||||| | eng d
020 _a0590475606
040 _aPPAK
_beng
_cPPAK
_erda
082 0 4 _a305.420973
_223
090 0 0 _a305.420973
_bSUL
_dRLCK
100 1 _aSullivan, George,
_eauthor
245 1 4 _aThe day the women got the vote
264 1 _aNew York :
_bScholastic Inc. ,
_c1994
300 _a96 pages :
_billustrations ;
_c25 cm
336 _2rdacontent
_atext
337 _2rdamedia
_aunmediated
338 _2rdacarrier
_avolume
650 1 0 _aWomen's right - United States - History
942 _ddc
_cB
999 _c92537
_d92537